[Event "Titled Tuesday intern op 01st Apr Early"]
[Site "Chess.com INT"]
[Date "2025.04.01"]
[Round "2"]
[White "Beniosev, Daniel"]
[Black "Fomkin, Dmitry"]
[Result "0-1"]
[WhiteElo "1971"]
[BlackElo "2141"]
[PlyCount "83"]
[EventDate "2025.04.01"]
[EventType "swiss (blitz)"]
[EventRounds "11"]
[EventCountry "USA"]
[SourceTitle "CB15_2025"]
[SourceDate "2025.04.09"]
[SourceVersion "1"]
[SourceVersionDate "2025.04.09"]
[SourceQuality "1"]

1. e4 c5 2. Nc3 e6 3. g3 Nc6 4. Bg2 g6 5. d3 Bg7 6. Be3 d6 7. Qd2 Rb8 8. a4 a6 9. Nge2 b5 10. axb5 axb5 11. 0-0 b4 12. Nd1 Nge7 13. Bh6 0-0 14. Bxg7 Kxg7 15. Ne3 e5 16. f4 Nd4 17. h3 Be6 18. Kh2 f6 19. Ra6 Nec6 20. Nxd4 Nxd4 21. fxe5 fxe5 22. Ra7+ Kh8 23. Raa1 Qd7 24. Nd5 Bxd5 25. exd5 Rxf1 26. Rxf1 Kg7 27. Qf2 Qe7 28. c3 Nf5 29. g4 Nh4 30. Qg3 bxc3 31. bxc3 Rb3 32. g5 Nf5 33. Qf2 Rxc3 34. Be4 Qxg5 35. Rg1 Qe3 36. Qg2 Nh4 37. Qg4 Rc2+ 38. Kh1 Qf2 39. Qd7+ Kh6 40. Rxg6+ hxg6 41. Qh7+ Kxh7 42. Bxg6+ 0-1

[Event "Titled Tuesday intern op 24th Sep Early"]
[Site "Chess.com INT"]
[Date "2024.09.24"]
[Round "8"]
[White "Fomkin, Dmitry"]
[Black "Abdurakhmanov, Mukhmmadali"]
[Result "0-1"]
[WhiteElo "2156"]
[BlackElo "2395"]
[PlyCount "58"]
[EventDate "2024.09.24"]
[EventType "swiss (blitz)"]
[EventRounds "11"]
[EventCountry "USA"]
[SourceTitle "EXT 2025"]
[Source "ChessBase"]
[SourceDate "2024.10.14"]
[SourceVersion "1"]
[SourceVersionDate "2024.10.14"]
[SourceQuality "1"]

1. e4 c5 2. Nf3 d6 3. Nc3 a6 4. d4 cxd4 5. Nxd4 Nf6 6. h4 e5 7. Nb3 b5 8. a4 b4 9. Nd5 Nxd5 10. Qxd5 Ra7 11. Be3 Be6 12. Qd2 Rd7 13. Qxb4 d5 14. Bc5 Nc6 15. Qa3 dxe4 16. Bxf8 Bxb3 17. cxb3 Rxf8 18. Rc1 Qa5+ 19. Rc3 Nb4 20. Rc8+ Rd8 21. Rxd8+ Kxd8 22. Kd1 Ke7 23. Bc4 Rd8+ 24. Ke2 Qc5 25. Qa1 Nd3 26. Rf1 Nf4+ 27. Ke1 Nxg2+ 28. Ke2 Nf4+ 29. Ke1 Qb4# 0-1

[Event "Titled Tuesday intern op 17th Sep Early"]
[Site "Chess,com INT"]
[Date "2024.09.17"]
[Round "2"]
[White "Fomkin, Dmitry"]
[Black "Tang, Andrew"]
[Result "0-1"]
[WhiteElo "2156"]
[BlackElo "2524"]
[PlyCount "88"]
[EventDate "2024.09.17"]
[EventType "swiss (blitz)"]
[EventRounds "11"]
[EventCountry "USA"]
[SourceTitle "EXT 2025"]
[Source "ChessBase"]
[SourceDate "2024.10.14"]
[SourceVersion "1"]
[SourceVersionDate "2024.10.14"]
[SourceQuality "1"]

1. e4 e5 2. Nf3 Nc6 3. Bc4 Bc5 4. 0-0 Nf6 5. d3 a6 6. Nbd2 d6 7. c3 Ba7 8. Re1 Na5 9. h3 0-0 10. Nf1 Nxc4 11. dxc4 h6 12. Ng3 Re8 13. Be3 Bxe3 14. Rxe3 Be6 15. b3 b5 16. cxb5 axb5 17. Nh4 Ng4 18. hxg4 Qxh4 19. Nf5 Qg5 20. Qe2 Reb8 21. Rd3 Bxb3 22. Ne3 Be6 23. f3 Ra7 24. Nd5 Rba8 25. Qb2 Rb8 26. Nb4 Bd7 27. a3 Rba8 28. Nd5 Qd8 29. Kh2 g6 30. Qd2 Kg7 31. Qb2 Qh4+ 32. Kg1 Rh8 33. Qd2 h5 34. g5 Rha8 35. Qc1 Qg3 36. Nb4 h4 37. Nc2 h3 38. Ne1 hxg2 39. Rd2 Bh3 40. Re2 Rh8 41. Qe3 Raa8 42. Nxg2 Be6 43. Raa2 Bxa2 44. Rxa2 Rh2 0-1

[Event "Titled Tuesday intern op 17th Sep Early"]
[Site "Chess,com INT"]
[Date "2024.09.17"]
[Round "8"]
[White "Mayank, Chakraborty"]
[Black "Fomkin, Dmitry"]
[Result "1-0"]
[WhiteElo "2431"]
[BlackElo "2156"]
[PlyCount "82"]
[EventDate "2024.09.17"]
[EventType "swiss (blitz)"]
[EventRounds "11"]
[EventCountry "USA"]
[SourceTitle "EXT 2025"]
[Source "ChessBase"]
[SourceDate "2024.10.14"]
[SourceVersion "1"]
[SourceVersionDate "2024.10.14"]
[SourceQuality "1"]

1. Nf3 d5 2. b3 Nf6 3. e3 c5 4. Bb2 a6 5. d4 e6 6. c4 Nc6 7. cxd5 exd5 8. Be2 cxd4 9. Nxd4 Bd6 10. Nd2 0-0 11. 0-0 Re8 12. Rc1 Bd7 13. h3 Rc8 14. Nxc6 Bxc6 15. Nf3 Ne4 16. Nd4 Bd7 17. Rxc8 Bxc8 18. Bg4 Bb8 19. Nf5 Bxf5 20. Bxf5 Qd6 21. f4 Ng3 22. Qg4 Nxf5 23. Qxf5 Rxe3 24. Qc8+ Qf8 25. Qxb7 Re8 26. Qxd5 Qe7 27. Qc4 a5 28. Be5 Bxe5 29. fxe5 Qa7+ 30. Kh1 g6 31. Qd5 Qc7 32. Qd6 Qb7 33. Qc5 Qa6 34. Re1 Re6 35. Rd1 Kg7 36. Kh2 Qe2 37. Rd5 Qxa2 38. Rd8 Kh6 39. Qf8+ Kg5 40. Qxf7 Qxb3 41. Rd6 Rxe5 1-0

[Event "Titled Tuesday intern op 10th Sep Early"]
[Site "Chess,com INT"]
[Date "2024.09.10"]
[Round "10"]
[White "Bynum, Jacorey"]
[Black "Fomkin, Dmitry"]
[Result "1-0"]
[WhiteElo "2109"]
[BlackElo "2156"]
[PlyCount "73"]
[EventDate "2024.09.10"]
[EventType "swiss (blitz)"]
[EventRounds "11"]
[EventCountry "USA"]
[SourceTitle "EXT 2025"]
[Source "ChessBase"]
[SourceDate "2024.10.14"]
[SourceVersion "1"]
[SourceVersionDate "2024.10.14"]
[SourceQuality "1"]

1. e4 c5 2. Nf3 e6 3. d4 cxd4 4. Nxd4 Nf6 5. Nc3 Nc6 6. Bf4 Bb4 7. Nxc6 bxc6 8. e5 Nd5 9. Bd2 Qc7 10. Qh5 g6 11. Qg5 Be7 12. Qg3 Rb8 13. Ne4 Rxb2 14. Bd3 h5 15. Nd6+ Kf8 16. Bxg6 fxg6 17. Qxg6 Bxd6 18. Bh6+ Rxh6 19. Qxh6+ Ke7 20. Qg7+ Ke8 21. Qh8+ Bf8 22. Qxh5+ Kd8 23. 0-0 d6 24. c4 Nc3 25. Rfe1 d5 26. Re3 d4 27. Rf3 Qg7 28. Qh4+ Be7 29. Qxd4+ Kc7 30. Qxa7+ Bb7 31. Qa5+ Kb8 32. Qxc3 Re2 33. Rb1 Rxe5 34. Qb3 Bd6 35. Rg3 Qf7 36. Rg8+ Ka7 37. Qb6# 1-0

[Event "Titled Tuesday intern op 10th Sep Early"]
[Site "Chess,com INT"]
[Date "2024.09.10"]
[Round "7"]
[White "Fomkin, Dmitry"]
[Black "Troltenier, Dirk"]
[Result "1-0"]
[WhiteElo "2156"]
[BlackElo "2174"]
[PlyCount "79"]
[EventDate "2024.09.10"]
[EventType "swiss (blitz)"]
[EventRounds "11"]
[EventCountry "USA"]
[SourceTitle "EXT 2025"]
[Source "ChessBase"]
[SourceDate "2024.10.14"]
[SourceVersion "1"]
[SourceVersionDate "2024.10.14"]
[SourceQuality "1"]

1. e4 e5 2. Nf3 Nc6 3. Bc4 Bc5 4. c3 Nf6 5. d3 d6 6. 0-0 a5 7. Nbd2 0-0 8. Re1 Ba7 9. Nf1 Be6 10. Bb3 Bxb3 11. Qxb3 Qd7 12. Ng3 Ng4 13. Re2 a4 14. Qd1 Ne7 15. h3 Nf6 16. Bg5 Ne8 17. d4 f6 18. Be3 Qe6 19. Qxa4 g6 20. d5 Qf7 21. Bxa7 Ng7 22. Qc4 Rxa7 23. Qxc7 Ra6 24. Qxb7 Rfa8 25. Qb3 h6 26. c4 f5 27. c5 dxc5 28. Nxe5 Qf6 29. d6+ Kh7 30. dxe7 Qxe5 31. exf5 Qf6 32. Rae1 Re8 33. fxg6+ Qxg6 34. Qc4 Rc6 35. Re4 Rc7 36. Rg4 Qf6 37. Qc2+ Kh8 38. Rg6 Qf4 39. Rxg7 Kxg7 40. Nh5+ 1-0

[Event "Titled Tuesday intern op 10th Sep Early"]
[Site "Chess,com INT"]
[Date "2024.09.10"]
[Round "6"]
[White "Fomkin, Dmitry"]
[Black "Urosevic, Goran"]
[Result "1-0"]
[WhiteElo "2156"]
[BlackElo "2219"]
[PlyCount "25"]
[EventDate "2024.09.10"]
[EventType "swiss (blitz)"]
[EventRounds "11"]
[EventCountry "USA"]
[SourceTitle "EXT 2025"]
[Source "ChessBase"]
[SourceDate "2024.10.14"]
[SourceVersion "1"]
[SourceVersionDate "2024.10.14"]
[SourceQuality "1"]

1. e4 e6 2. d4 d5 3. Nc3 Bb4 4. e5 c5 5. Bd2 Ne7 6. a3 Bxc3 7. Bxc3 cxd4 8. Qxd4 Nbc6 9. Qg4 0-0 10. Nf3 Bd7 11. Bd3 Rc8 12. Bxh7+ Kxh7 13. Qh5+ 1-0

[Event "Titled Tuesday intern op 10th Sep Early"]
[Site "Chess,com INT"]
[Date "2024.09.10"]
[Round "3"]
[White "Mahdavi, Reza"]
[Black "Fomkin, Dmitry"]
[Result "1-0"]
[WhiteElo "2394"]
[BlackElo "2156"]
[PlyCount "61"]
[EventDate "2024.09.10"]
[EventType "swiss (blitz)"]
[EventRounds "11"]
[EventCountry "USA"]
[SourceTitle "EXT 2025"]
[Source "ChessBase"]
[SourceDate "2024.10.14"]
[SourceVersion "1"]
[SourceVersionDate "2024.10.14"]
[SourceQuality "1"]

1. d4 Nf6 2. c4 e6 3. Nf3 b6 4. g3 Ba6 5. Nbd2 Bb4 6. Qa4 Qe7 7. a3 Bxd2+ 8. Bxd2 0-0 9. Bg2 Bb7 10. 0-0 d6 11. b4 Ne4 12. Be3 Nd7 13. Rac1 a5 14. Qc2 f5 15. c5 bxc5 16. dxc5 Bd5 17. c6 Ndf6 18. b5 a4 19. Rb1 Rfb8 20. Rfc1 Ng4 21. Qd3 h6 22. h3 Nxe3 23. Qxe3 Rb6 24. Rb4 Nc5 25. Nd2 Bxg2 26. Kxg2 Rab8 27. Rcb1 Ra8 28. Nc4 Rbb8 29. b6 cxb6 30. Nxb6 Ra7 31. Nd5 1-0

[Event "Titled Tuesday intern op 10th Sep Early"]
[Site "Chess,com INT"]
[Date "2024.09.10"]
[Round "5"]
[White "Novak, Ratko"]
[Black "Fomkin, Dmitry"]
[Result "1-0"]
[WhiteElo "2034"]
[BlackElo "2156"]
[PlyCount "71"]
[EventDate "2024.09.10"]
[EventType "swiss (blitz)"]
[EventRounds "11"]
[EventCountry "USA"]
[SourceTitle "EXT 2025"]
[Source "ChessBase"]
[SourceDate "2024.10.14"]
[SourceVersion "1"]
[SourceVersionDate "2024.10.14"]
[SourceQuality "1"]

1. d4 Nf6 2. c4 e6 3. Bg5 c5 4. d5 exd5 5. cxd5 d6 6. Nc3 Be7 7. Bf4 0-0 8. e4 Re8 9. f3 a6 10. a4 Nbd7 11. Nh3 Nh5 12. Be3 Ne5 13. Nf2 Bg5 14. Qd2 Bxe3 15. Qxe3 f5 16. Be2 f4 17. Qd2 Qg5 18. g4 Nf6 19. h4 Qg6 20. Qxf4 Rf8 21. h5 Qe8 22. Qd2 Bd7 23. h6 g6 24. a5 Qd8 25. Nh3 b5 26. axb6 Qxb6 27. Ng5 Rfb8 28. Rb1 c4 29. Ne6 Re8 30. Qg5 Kf7 31. Ng7 Re7 32. Qf4 g5 33. Qxg5 Qd4 34. Qf4 Ng6 35. Qd2 Rb8 36. Qxd4 1-0

[Event "Barnaul Kura Memorial"]
[Site "Barnaul"]
[Date "2023.02.25"]
[Round "1"]
[White "Fomkin, Dmitry"]
[Black "Stanishevsky, Alexander"]
[Result "1-0"]
[WhiteElo "1992"]
[BlackElo "1827"]
[PlyCount "35"]
[EventDate "2023.02.25"]
[EventType "swiss (rapid)"]
[EventRounds "11"]
[EventCountry "RUS"]
[SourceTitle "CBM 213 Extra"]
[Source "ChessBase"]
[SourceDate "2023.05.31"]
[SourceVersion "1"]
[SourceVersionDate "2023.05.31"]
[SourceQuality "1"]

1. e4 e6 2. d4 d5 3. Nd2 Nf6 4. e5 Nfd7 5. Bd3 b6 6. Qe2 c5 7. c3 a5 8. f4 Ba6 9. Ngf3 Bxd3 10. Qxd3 g6 11. 0-0 Nc6 12. g4 h5 13. f5 hxg4 14. fxe6 Ndxe5 15. Nxe5 Nxe5 16. dxe5 Qh4 17. Qb5+ Ke7 18. Qd7# 1-0

[Event "Cheliabinsk Panchenko Memorial op-A"]
[Site "Cheliabinsk"]
[Date "2020.09.14"]
[Round "8"]
[White "Suvorov, Aleksandr1"]
[Black "Fomkin, Dmitry"]
[Result "1-0"]
[WhiteElo "2180"]
[BlackElo "1923"]
[PlyCount "57"]
[EventDate "2020.09.07"]
[EventType "swiss"]
[EventRounds "9"]
[EventCountry "RUS"]
[SourceTitle "CBM 198 Extra"]
[Source "ChessBase"]
[SourceDate "2020.11.30"]
[SourceVersion "1"]
[SourceVersionDate "2020.11.30"]
[SourceQuality "1"]

1. c4 c6 2. e4 d5 3. exd5 cxd5 4. d4 Nf6 5. Nc3 Nc6 6. Bg5 e6 7. Nf3 Be7 8. c5 0-0 9. a3 Ne4 10. Bxe7 Qxe7 11. Bb5 Nxc3 12. bxc3 e5 13. 0-0 e4 14. Ne1 f5 15. f4 Na5 16. Qa4 b6 17. Nc2 Be6 18. Ne3 Qc7 19. c4 dxc4 20. Nxc4 Nxc4 21. Bxc4 Bxc4 22. Qxc4+ Kh8 23. Rac1 bxc5 24. Qxc5 Qb6 25. Rfd1 Rfd8 26. Qe5 Rd6 27. Rb1 Qa6 28. Qxf5 Re8 29. Qxe4 1-0

[Event "Cheliabinsk Panchenko Memorial op-A"]
[Site "Cheliabinsk"]
[Date "2020.09.12"]
[Round "6"]
[White "Fomkin, Dmitry"]
[Black "Shoboev, Dandar"]
[Result "1/2-1/2"]
[WhiteElo "1923"]
[BlackElo "2225"]
[PlyCount "297"]
[EventDate "2020.09.07"]
[EventType "swiss"]
[EventRounds "9"]
[EventCountry "RUS"]
[SourceTitle "CBM 198 Extra"]
[Source "ChessBase"]
[SourceDate "2020.11.30"]
[SourceVersion "1"]
[SourceVersionDate "2020.11.30"]
[SourceQuality "1"]

1. e4 e5 2. Nf3 Nc6 3. Bc4 Bc5 4. 0-0 Nf6 5. d3 a6 6. c3 Ba7 7. Nbd2 d6 8. Re1 0-0 9. Nf1 Na5 10. Bb3 Nxb3 11. Qxb3 c6 12. Be3 Bxe3 13. Rxe3 Qe7 14. Ng3 Be6 15. Qc2 h6 16. h3 Rad8 17. Rd1 Rfe8 18. d4 Qc7 19. Red3 exd4 20. cxd4 Bc8 21. Rc3 Qa5 22. a3 Qb6 23. Rb3 Qc7 24. Rc3 Qe7 25. Re3 Qc7 26. Rc3 Qb8 27. Re3 Re7 28. Nh4 Rde8 29. Rde1 Rd8 30. Rd1 Qc7 31. Rde1 g6 32. Nf3 Rde8 33. Rc1 Qd8 34. Rce1 Re6 35. Qd3 Qe7 36. Qc2 Qf8 37. Nd2 Qg7 38. Qd3 h5 39. Ne2 R6e7 40. Nc3 Rd8 41. Qe2 h4 42. Nf3 Nh5 43. Rd1 Nf4 44. Qf1 g5 45. Ne2 Rde8 46. e5 Nd5 47. Red3 Bf5 48. R3d2 dxe5 49. dxe5 Be4 50. Ned4 g4 51. Nxh4 Rxe5 52. g3 gxh3 53. Qxh3 Nf4 54. Qd7 Kh8 55. Ndf3 R5e6 56. Qd4 Ng6 57. Nxg6+ Rxg6 58. Qxg7+ Kxg7 59. Nh4 Rge6 60. Rd7 Bd5 61. Nf5+ Kg6 62. Ne3 Bf3 63. R1d6 Rxd6 64. Rxd6+ f6 65. Kf1 c5 66. Ke1 Rh8 67. Kd2 Rh2 68. Ke1 Rh1+ 69. Kd2 Rb1 70. Kc2 Be4+ 71. Kc3 Kf7 72. Rd7+ Ke6 73. Rc7 Bc6 74. Rh7 Bf3 75. Rc7 Bc6 76. Rh7 Rg1 77. Rh5 b6 78. Rh7 a5 79. Rh5 Bf3 80. Rf5 Be4 81. Rh5 Rc1+ 82. Kd2 Rb1 83. Kc3 Rg1 84. Kd2 Bf3 85. Rf5 Bc6 86. Rf4 a4 87. Ng4 f5 88. Ne3 Be4 89. f3 Bb1 90. g4 b5 91. gxf5+ Ke5 92. Rh4 Rg8 93. Rh5 Rd8+ 94. Kc1 Ba2 95. f6+ Kf4 96. Nc2 Bd5 97. f7 Bxf7 98. Rxc5 Bc4 99. Rh5 Kxf3 100. Rh1 Rc8 101. Nb4 Bf1+ 102. Kb1 Kf2 103. Rh6 Bg2 104. Rd6 Be4+ 105. Ka2 Bh7 106. Rd1 Ke2 107. Rg1 Be4 108. Ka1 Rc7 109. Ka2 Rc8 110. Ka1 Kf2 111. Rd1 Bf3 112. Rb1 Ke2 113. Rg1 Kd2 114. Rb1 Be2 115. Na6 Rh8 116. Nb4 Rh2 117. Ka2 Bc4+ 118. Ka1 Bb3 119. Na6 Bc2 120. Rg1 Rf2 121. Nb4 Bd1 122. Na2 Bc2 123. Nb4 Be4 124. Ka2 Bf5 125. Ka1 Be6 126. Rb1 Bb3 127. Rg1 Rh2 128. Na2 Bc4 129. Nb4 Rf2 130. Rb1 Be2 131. Ka2 Rf8 132. Ka1 Rc8 133. Ka2 Bg4 134. Ka1 Bf5 135. Rg1 Be4 136. Ka2 Bf3 137. Rb1 Be2 138. Ka1 Rf8 139. Ka2 Rf4 140. Ka1 Bc4 141. Na2 Kc2 142. Nb4+ Kd2 143. Na2 Bd3 144. Rc1 Rf8 145. Rg1 Bf1 146. Kb1 Ke1 147. Nc3 Rf5 148. Ka1 Rh5 149. Kb1 1/2-1/2

[Event "Cheliabinsk Panchenko Memorial op-A"]
[Site "Cheliabinsk"]
[Date "2020.09.09"]
[Round "3"]
[White "Nasyrova, Ekaterina"]
[Black "Fomkin, Dmitry"]
[Result "1-0"]
[WhiteElo "2271"]
[BlackElo "1923"]
[PlyCount "39"]
[EventDate "2020.09.07"]
[EventType "swiss"]
[EventRounds "9"]
[EventCountry "RUS"]
[SourceTitle "CBM 198 Extra"]
[Source "ChessBase"]
[SourceDate "2020.11.30"]
[SourceVersion "1"]
[SourceVersionDate "2020.11.30"]
[SourceQuality "1"]

1. Nf3 d5 2. e3 Nf6 3. c4 c6 4. Nc3 e6 5. b3 Nbd7 6. Qc2 Be7 7. Bb2 b6 8. d4 Bb7 9. Bd3 Rc8 10. 0-0 0-0 11. Ne5 h6 12. f4 c5 13. Rad1 Qc7 14. Qe2 Rfd8 15. f5 cxd4 16. exd4 Nf8 17. fxe6 Nxe6 18. Nb5 Qb8 19. Bf5 Ng5 20. Bxc8 1-0